[Event "AUTO-ADV-1176"]
[Site "http://www.queenalice.com/game.php?id=520885"]
[Date "2009.1.11"]
[Round "1"]
[White "IvanIrk"]
[Black "positionalgenius"]
[Result "1-0"]
[WhiteElo "1685"]
[BlackElo "1821"]

1. e4 c5 2. c3 a6 3. d4 cxd4 4. cxd4 d6 5. Bd2 e6 6. Bd3 Nc6 7. Nf3 Be7 8. O-O
Nf6 9. Nc3 O-O 10. a3 Qc7 11. b4 b5 12. Rc1 Bb7 13. d5 exd5 14. exd5 Ne5 15.
Nxe5 dxe5 16. Nxb5 Qd7 17. Rc7 Qd8 18. Rxb7 axb5 19. Rxb5 Rxa3 20. Qc2 Nxd5 21.
Rb1 Nxb4 22. Bxb4 Bxb4 23. Bxh7+ Kh8 24. R5xb4 g6 25. Bxg6 Qd6 26. Rh4+ Kg7 27.
Rh7+ Kg8 28. Bxf7+ Rxf7 29. Rb8+ Rf8 30. Rxf8+ Kxf8 31. Qc8+ 1-0

[Event "AUTO-ADV-1176"]
[Site "http://www.queenalice.com/game.php?id=520892"]
[Date "2009.1.11"]
[Round "1"]
[White "Bernobr"]
[Black "IvanIrk"]
[Result "1-0"]
[WhiteElo "1867"]
[BlackElo "1750"]

1. e4 e5 2. Nc3 c6 3. g3 d5 4. Bg2 d4 5. Nce2 Nf6 6. d3 h6 7. f4 exf4 8. Bxf4
Nbd7 9. Nxd4 Qb6 10. Nb3 Be7 11. Nf3 Ng4 12. Qe2 O-O 13. h3 Ngf6 14. O-O-O a5
15. g4 a4 16. Nbd2 Bc5 17. Nc4 Qa6 18. Rhf1 b5 19. Nce5 Bd6 20. Qd2 c5 21. g5
hxg5 22. Bg3 Nh7 23. Nxd7 Bxd7 24. Bxd6 Qxd6 25. Nxg5 Qe5 26. Nxh7 Kxh7 27. a3
b4 28. axb4 a3 29. Qc3 axb2+ 30. Kxb2 cxb4 31. Qxe5 1-0

[Event "AUTO-ADV-1176"]
[Site "http://www.queenalice.com/game.php?id=520893"]
[Date "2009.1.11"]
[Round "1"]
[White "IvanIrk"]
[Black "Bernobr"]
[Result "0-1"]
[WhiteElo "1690"]
[BlackElo "1867"]

1. e4 c5 2. c3 Nc6 3. d4 e6 4. Nf3 cxd4 5. cxd4 d5 6. e5 Nge7 7. Bb5 Nf5 8. O-O
a6 9. Bxc6+ bxc6 10. Nc3 c5 11. Be3 cxd4 12. Bxd4 Nxd4 13. Nxd4 Bd7 14. a3 Bc5
15. b4 Ba7 16. Qg4 O-O 17. a4 Qb6 18. Nde2 Rfc8 19. a5 Qc7 20. Rac1 Qxe5 21. Qf3
Rc7 22. Rfe1 Rac8 23. h3 d4 24. Ne4 Rxc1 25. Nxc1 Bc6 26. Qd3 Bxe4 27. Qxe4 Qxe4
28. Rxe4 Rxc1+ 29. Kh2 d3 30. f4 d2 31. f5 d1=Q 32. fxe6 Bb8+ 33. g3 Qd2+ 34.
Re2 Qxe2# 0-1

[Event "AUTO-INT-1166"]
[Site "http://www.queenalice.com/game.php?id=521114"]
[Date "2009.1.12"]
[Round "1"]
[White "welschren"]
[Black "IvanIrk"]
[Result "0-1"]
[WhiteElo "1483"]
[BlackElo "1677"]

1. e4 c6 2. Nf3 d6 3. d4 e5 4. dxe5 dxe5 5. Nc3 Bd6 6. Be2 Nf6 7. Bg5 h6 8. Bh4
Be6 9. Bxf6 Qxf6 10. O-O O-O 11. Bd3 b5 12. a3 a6 13. Ne2 c5 14. Bxb5 axb5 15.
Kh1 Bg4 16. Neg1 Nc6 17. c3 Qg6 18. Re1 Na5 19. Re3 Nc4 20. Rd3 Rfd8 21. h3 Bh5
22. Qe2 f5 23. Qc2 fxe4 24. Nxe5 exd3 25. Qxd3 Bxe5 0-1

[Event "AUTO-INT-1166"]
[Site "http://www.queenalice.com/game.php?id=521115"]
[Date "2009.1.12"]
[Round "1"]
[White "IvanIrk"]
[Black "welschren"]
[Result "0-1"]
[WhiteElo "1739"]
[BlackElo "1518"]

1. e4 e5 2. c3 Nc6 3. d4 exd4 4. cxd4 Nge7 5. Nf3 Ng6 6. Bc4 b6 7. O-O Be7 8. h3
Na5 9. b3 Nxc4 10. bxc4 d6 11. Nc3 O-O 12. a4 Bb7 13. d5 Bc8 14. Nb5 a6 15. Nbd4
Bd7 16. Bb2 Bf6 17. Re1 Ne5 18. Ra2 c5 19. Nc2 Nxc4 20. e5 dxe5 21. Nxe5 Nxe5
22. Bxe5 Bxe5 23. Rxe5 f6 24. Rh5 Ra7 25. Ne3 Qe8 26. Nc4 g6 27. Rh4 Qd8 28. Rd2
b5 29. axb5 Bxb5 30. Ne3 f5 31. Rf4 Qd6 32. Rf3 f4 33. Ng4 h5 34. Nh2 Rf5 35. g3
Rd7 36. Rxf4 Rxd5 37. Rxd5 Qxd5 38. Qc2 Qd1+ 39. Qxd1 Rxd1+ 40. Nf1 Bxf1 41. Kh2
c4 42. Rf6 Bd3 43. Rxa6 Be4 44. g4 h4 45. Ra5 Rh1# 0-1

[Event "AUTO-INT-1166"]
[Site "http://www.queenalice.com/game.php?id=521130"]
[Date "2009.1.12"]
[Round "1"]
[White "IvanIrk"]
[Black "jotat"]
[Result "0-1"]
[WhiteElo "1761"]
[BlackElo "1881"]

1. c3 e5 2. e4 Nf6 3. d3 d5 4. a3 dxe4 5. dxe4 Qxd1+ 6. Kxd1 Nxe4 7. Nf3 Nxf2+
8. Kc2 Bf5+ 9. Kb3 Nxh1 10. Be3 Nd7 11. Bc4 Bc5 12. Bxc5 Nxc5+ 13. Ka2 e4 14.
Ng5 O-O 15. Nd2 Nf2 16. Rf1 e3 17. Ndf3 Bd3 18. Bxd3 Ncxd3 19. Nd4 a6 20. Ngf3
Rfe8 21. Ne2 Rad8 22. Kb1 Nc5 23. Kc2 Nce4 24. Nfd4 c5 25. Nf5 Rd2+ 26. Kc1 Rxe2
27. a4 Rd8 28. Rd1 Rxd1# 0-1

[Event "AUTO-INT-1166"]
[Site "http://www.queenalice.com/game.php?id=521131"]
[Date "2009.1.12"]
[Round "1"]
[White "jotat"]
[Black "IvanIrk"]
[Result "0-1"]
[WhiteElo "1902"]
[BlackElo "1722"]

1. e4 e5 2. Nf3 d6 3. Bc4 h6 4. d3 c6 5. a3 d5 6. exd5 cxd5 7. Bb5+ Bd7 8. Bxd7+
Nxd7 9. O-O Bd6 10. Re1 Ngf6 11. d4 e4 12. c3 O-O 13. Nh4 b5 14. Nf5 Nb6 15. Be3
Qd7 16. Nxd6 Qxd6 17. f4 exf3 18. Qxf3 Nc4 19. b3 Na5 20. Nd2 Rac8 21. Bf4 Qd7
22. b4 Nc4 23. Nxc4 Rxc4 24. Qg3 Ne4 25. Rxe4 dxe4 26. Bxh6 f6 0-1

[Event "AUTO-INT-1166"]
[Site "http://www.queenalice.com/game.php?id=521132"]
[Date "2009.1.12"]
[Round "1"]
[White "IvanIrk"]
[Black "alesson"]
[Result "1-0"]
[WhiteElo "1667"]
[BlackElo "1425"]

1. e4 e5 2. c3 Qh4 3. Nf3 Qxe4+ 4. Be2 Nf6 5. Qb3 h6 6. d3 Qg4 7. Nxe5 Qxg2 8.
Qxf7+ Kd8 9. Bf3 Qh3 10. Ng6 Qxf3 11. Rg1 Bc5 12. Be3 Bxe3 13. Qe7# 1-0

[Event "AUTO-INT-1166"]
[Site "http://www.queenalice.com/game.php?id=521133"]
[Date "2009.1.12"]
[Round "1"]
[White "alesson"]
[Black "IvanIrk"]
[Result "0-1"]
[WhiteElo "1645"]
[BlackElo "1749"]

1. e4 e5 2. Nf3 d6 3. h3 c6 4. d4 Nf6 5. dxe5 dxe5 6. Qxd8+ Kxd8 7. Bc4 Bd6 8.
Ng5 Ke7 9. b3 Rf8 10. O-O b5 11. Bd3 h6 12. Nf3 Re8 13. a4 b4 14. g4 Kf8 15. g5
hxg5 16. Bxg5 Bxh3 17. Rd1 Nh5 18. Kh2 Bg4 19. Be2 Re6 20. c3 c5 21. Rg1 Bxf3
22. Bxf3 Nf4 23. cxb4 cxb4 24. Bxf4 Rf6 25. Bxe5 Bxe5+ 26. Kg2 Nc6 27. Nd2 Bxa1
28. Rxa1 Ke7 29. e5 Rg6+ 30. Kf1 Rd8 31. Nc4 Nd4 32. Nd2 Rh8 33. Be4 Rg4 34. Bg2
Rh2 35. Bd5 Rf4 36. a5 Rfxf2+ 37. Kg1 Ne2# 0-1

[Event "AUTO-INT-1191"]
[Site "http://www.queenalice.com/game.php?id=534585"]
[Date "2009.2.3"]
[Round "1"]
[White "doomedbr"]
[Black "IvanIrk"]
[Result "1-0"]
[WhiteElo "1641"]
[BlackElo "1714"]

1. e3 e5 2. c3 d5 3. Bb5+ c6 4. Be2 Bd6 5. d4 e4 6. Qa4 Qg5 7. g3 h6 8. c4 Bd7
9. h4 Qf6 10. Nc3 b5 11. cxb5 c5 12. Nxd5 Qe6 13. Nf4 Bxf4 14. exf4 cxd4 15. Bc4
Qd6 16. Ne2 Nf6 17. Nxd4 O-O 18. f5 Kh8 19. Be3 Ng4 20. Qa3 Qxa3 21. bxa3 a5 22.
Bd5 Ra7 23. b6 Ra6 24. Rb1 Rd8 25. Bxf7 Ne5 26. Be6 Bxe6 27. Nxe6 Rd6 28. Nc7
Rc6 29. Nxa6 Nxa6 30. b7 Nb8 31. O-O Rc7 32. Rfc1 Rxc1+ 33. Rxc1 Nbc6 34. Bf4
1-0

[Event "AUTO-INT-1191"]
[Site "http://www.queenalice.com/game.php?id=534586"]
[Date "2009.2.3"]
[Round "1"]
[White "IvanIrk"]
[Black "doomedbr"]
[Result "0-1"]
[WhiteElo "1646"]
[BlackElo "1820"]

1. e4 d6 2. d4 e6 3. c3 Nf6 4. Bd3 Be7 5. Nf3 d5 6. e5 Nfd7 7. Bf4 c5 8. O-O Nc6
9. b3 Nb6 10. Qc2 cxd4 11. cxd4 Nb4 12. Qd2 Bd7 13. a3 Nxd3 14. Qxd3 O-O 15. a4
Bc6 16. Nbd2 Bb4 17. Ng5 g6 18. Qh3 h5 19. Ndf3 Qe7 20. g4 Nd7 21. Nh4 hxg4 22.
Qxg4 Bc3 23. Rad1 Rfc8 24. Qh3 Nf8 25. Qxc3 Bb5 26. Qh3 Bxf1 27. Rxf1 Qb4 28.
Rd1 Rc2 29. Bd2 Rxd2 30. Rxd2 Qxd2 31. Qg4 Rc8 32. Nhf3 Rc1+ 33. Kg2 Qd1 34. Qf4
Qf1+ 35. Kg3 Rc7 36. b4 Qc4 37. Qd2 Qc2 38. a5 Qxd2 39. Nxd2 Rc2 40. Ngf3 Rb2
41. Kg4 Nd7 42. Kg5 Rxb4 43. h4 Rb5 44. Nh2 Rxa5 0-1

[Event "AUTO-INT-1191"]
[Site "http://www.queenalice.com/game.php?id=534599"]
[Date "2009.2.3"]
[Round "1"]
[White "Jajer"]
[Black "IvanIrk"]
[Result "1-0"]
[WhiteElo "1692"]
[BlackElo "1661"]

1. e4 e5 2. Nf3 d6 3. Bc4 c6 4. Nc3 h6 5. O-O Nf6 6. a3 b5 7. Bb3 a5 8. d3 a4 9.
Ba2 Be7 10. Be3 O-O 11. h3 Bd7 12. Qd2 Nh7 13. Bxh6 gxh6 14. Qxh6 Bf6 15. Ne2
Bg7 16. Qe3 Qf6 17. Ng3 Be6 18. Nh5 Qg6 19. Ng3 1-0

[Event "AUTO-INT-1191"]
[Site "http://www.queenalice.com/game.php?id=534600"]
[Date "2009.2.3"]
[Round "1"]
[White "IvanIrk"]
[Black "Jajer"]
[Result "0-1"]
[WhiteElo "1677"]
[BlackElo "1676"]

1. e4 d5 2. e5 e6 3. d4 c5 4. c3 Nc6 5. Nf3 Qb6 6. b3 Nge7 7. Be3 Nf5 8. Be2
Nxe3 9. fxe3 cxd4 10. exd4 g6 11. O-O Bg7 12. Ng5 O-O 13. Bd3 Nxd4 14. cxd4
Qxd4+ 15. Kh1 Qxa1 16. Qe1 Qxa2 17. Qh4 h5 18. Qb4 Bxe5 19. Bxg6 fxg6 0-1

[Event "AUTO-INT-1191"]
[Site "http://www.queenalice.com/game.php?id=534609"]
[Date "2009.2.3"]
[Round "1"]
[White "IvanIrk"]
[Black "degrau"]
[Result "0-1"]
[WhiteElo "1714"]
[BlackElo "1324"]

1. e4 d6 2. d4 e5 3. d5 Nf6 4. Bd3 Be7 5. h3 Nbd7 6. c4 Nc5 7. Nf3 Ncxe4 8. O-O
Nc5 9. Nfd2 Nxd3 10. b3 Nxc1 11. Qxc1 Bf5 12. Nc3 h5 13. Nf3 Ne4 14. a4 Nxc3 15.
Qxc3 Bf6 16. Qe3 Qe7 17. Rae1 g5 18. Qd2 g4 19. hxg4 hxg4 20. Nh2 Bg5 21. Qc3
Qf6 22. Qb4 Qh6 23. f3 Qxh2+ 24. Kf2 g3+ 25. Ke2 Qxg2+ 26. Kd1 Qc2# 0-1

[Event "AUTO-INT-1191"]
[Site "http://www.queenalice.com/game.php?id=534610"]
[Date "2009.2.3"]
[Round "1"]
[White "degrau"]
[Black "IvanIrk"]
[Result "1-0"]
[WhiteElo "1786"]
[BlackElo "1620"]

1. d3 c6 2. Qd2 d5 3. Qb4 e5 4. Qd2 Be6 5. e4 d4 6. Nf3 Bd6 7. Qe2 h6 8. Bd2 Qb6
9. b3 Ne7 10. g3 O-O 11. Bg2 f5 12. exf5 Rxf5 13. Bh3 Rxf3 14. Bxe6+ Kh8 15.
Qxf3 Qd8 16. Qh5 Ng8 17. Bf5 Qf6 18. Qg6 Qxg6 19. Bxg6 Na6 20. Bf7 Nf6 21. h4
Rf8 22. Bc4 Nc7 23. b4 b5 24. Bb3 Ng4 25. f4 exf4 26. Bxf4 Bxf4 27. gxf4 Rxf4
28. Nd2 Ne3 29. Ke2 Ne8 30. c3 Ng4 31. Rhf1 Rf6 32. Rxf6 Nexf6 33. cxd4 Nh5 34.
Ne4 g6 35. Rf1 a6 36. Rf8+ Kg7 37. Rf7+ Kh8 38. Rc7 Nh2 39. Rxc6 Nf4+ 40. Kd1
Nxd3 41. Rxg6 Kh7 42. Rxa6 Nxb4 43. Ra7+ Kg6 44. Rb7 Nf3 45. Rxb5 Nd3 46. Rb6+
Kh5 47. Ke2 Nde1 48. Bf7+ Kxh4 49. Rxh6+ Kg4 50. Bh5+ Kf4 51. Bxf3 Nxf3 52. Rf6+
Kxe4 53. Rxf3 Kxd4 54. Re3 Kc4 55. Rd3 Kb4 56. Kd2 Ka4 57. Rb3 Ka5 58. Kc3 Ka4
59. Kc4 Ka5 60. Rb4 Ka6 61. Rb5 Ka7 62. Kc5 Ka8 63. Rb6 Ka7 64. Kc6 Ka8 65. Kd7
Ka7 66. Kc7 Ka8 67. Ra6# 1-0

[Event "AUTO-OPEN-1398"]
[Site "http://www.queenalice.com/game.php?id=573055"]
[Date "2009.4.16"]
[Round "2"]
[White "westchessdf"]
[Black "IvanIrk"]
[Result "0-1"]
[WhiteElo "1489"]
[BlackElo "1611"]

1. d4 d5 2. c4 c6 3. Nf3 e6 4. Bf4 Be7 5. Nc3 Bb4 6. Qc2 Nf6 7. e3 O-O 8. cxd5
Nxd5 9. Bg3 Qa5 10. Rc1 Bxc3+ 11. bxc3 b5 12. Bd3 h6 0-1

[Event "AUTO-OPEN-1398"]
[Site "http://www.queenalice.com/game.php?id=573056"]
[Date "2009.4.16"]
[Round "2"]
[White "IvanIrk"]
[Black "westchessdf"]
[Result "1-0"]
[WhiteElo "1622"]
[BlackElo "1478"]

1. e4 c5 2. c3 Nc6 3. d3 g6 4. d4 e6 5. Nf3 Bg7 6. Be2 cxd4 7. cxd4 Nge7 8. Nc3
O-O 9. O-O a6 10. h3 b5 11. a3 Bb7 12. b4 1-0

[Event "AUTO-OPEN-1398"]
[Site "http://www.queenalice.com/game.php?id=573061"]
[Date "2009.4.16"]
[Round "2"]
[White "IvanIrk"]
[Black "nemeth"]
[Result "0-1"]
[WhiteElo "1659"]
[BlackElo "1905"]

1. e4 c5 2. c3 d5 3. d3 dxe4 4. Qa4+ Bd7 5. Qxe4 Bc6 6. Qc4 e6 7. Be3 b5 8. Qg4
Nf6 9. Qd1 Bd6 10. b3 Nd5 11. Qd2 Qc7 12. Nf3 Nxe3 13. Qxe3 Nd7 14. d4 cxd4 15.
Qxd4 Bxf3 16. gxf3 Be5 17. Qd2 Nf6 18. Bxb5+ Ke7 19. Bc4 Bf4 20. Qd3 Rhd8 21.
Qc2 Rd6 22. Bd3 Rad8 23. Be2 Nd5 24. Nd2 Nb4 25. Qb2 Bxd2+ 26. Kf1 Bxc3 27. Qc1
Nd5 28. Qg5+ Bf6 0-1

[Event "AUTO-OPEN-1398"]
[Site "http://www.queenalice.com/game.php?id=573062"]
[Date "2009.4.16"]
[Round "2"]
[White "nemeth"]
[Black "IvanIrk"]
[Result "1-0"]
[WhiteElo "1889"]
[BlackElo "1670"]

1. e4 e5 2. Nc3 c6 3. d4 Qc7 4. Nf3 d6 5. Bc4 h6 6. d5 cxd5 7. Bxd5 Nf6 8. O-O
Be7 9. Ne1 O-O 10. h3 Nbd7 11. f4 exf4 12. Bxf4 Ne5 13. Nd3 a6 14. Qe1 b5 15.
Bxa8 b4 16. Nd5 Nxd5 17. Bxd5 Qxc2 18. Nxe5 dxe5 19. Bxe5 a5 20. Qg3 g5 21. Rac1
Qd2 22. Bxf7+ Rxf7 23. Rxc8+ Rf8 24. Rcxf8+ Bxf8 25. Qf2 Qd8 26. Qf7# 1-0

[Event "AUTO-INT-1166"]
[Site "http://www.queenalice.com/game.php?id=593915"]
[Date "2009.5.26"]
[Round "2"]
[White "IvanIrk"]
[Black "xerxe"]
[Result "0-1"]
[WhiteElo "1648"]
[BlackElo "1932"]

1. e4 e5 2. c3 d5 3. Qc2 Nf6 4. d3 Nc6 5. Be3 Be7 6. Be2 O-O 7. h3 Qd6 8. Nf3
Be6 9. O-O Rad8 10. Nbd2 dxe4 11. dxe4 b6 12. a4 Nh5 13. b4 Nf4 14. Bxf4 exf4
15. Rad1 Ne5 16. Rfe1 Nxf3+ 17. Nxf3 Qc6 0-1

[Event "AUTO-INT-1166"]
[Site "http://www.queenalice.com/game.php?id=593916"]
[Date "2009.5.26"]
[Round "2"]
[White "xerxe"]
[Black "IvanIrk"]
[Result "1-0"]
[WhiteElo "1927"]
[BlackElo "1653"]

1. e4 e5 2. Nf3 d6 3. Bc4 c6 4. O-O h6 5. c3 Qf6 6. d4 a5 7. h3 Qg6 8. Nh4 Qf6
9. Nf3 Be7 10. Be3 b5 11. Bb3 a4 12. Bc2 Nd7 13. b3 axb3 14. axb3 Rxa1 15. c4
Ra8 16. d5 cxd5 17. cxd5 Nc5 18. Nc3 Ba6 19. Qa1 1-0